A Casa do Mickey Mouse (Registo nº 980)

Detalhes MARC
000 -Etiqueta do registo
Cabeçalho 00620nam0a2200241 i 4500
005 - Identificador da versão
Campo de controlo 20240822164823.0
010 ## - Número internacional normalizado dos livros (ISBN)
Número (ISBN) 9789722229364
021 ## - Número do Depósito Legal
Código do país PT
Número 289 713/09
035 ## - Other System Control Numbers
System Control Number 0001045
System Control Number 0001028
100 ## - Dados gerais de processamento
Dados gerais de processamento 20091210d c y0pory5003 ba
101 1# - Língua de publicação
Língua do texto, banda sonora, etc. Português
Língua do documento no original Inglês
102 ## - Pais de publicação ou produção
País de publicação Portugal
105 ## - Campo de dados codificados: livros
Dados codificados dos livros a z 001yy
106 ## - Campo de dados codificados: material textual
Dados codificados do material textual r
200 1# - Titulo e menção de responsabilidade
Título próprio A Casa do Mickey Mouse
Informação de outro título Um dia em Cheio
Primeira menção de responsabilidade Susan Amerikaner
210 ## - Publicação, Distribuição, etc. 
Lugar da edição, distribuição, etc. Lisboa
Nome do editor, distribuidor, etc. Editorial Verbo
Data da publicação, distribuição, etc. 2009
300 ## - Notas gerais 
Texto da nota inclui duas histórias
304 ## - Notas relativas a título e menção de responsabilidade 
Texto da nota Tít. orig.: Mickey Mouse ClubHouse - Busy Days
675 ## - Classificação Decimal Universal (CDU)
Notação 82-93
Edição BN
Língua da edição por
942 ## - Elementos de entrada adicionados (Koha)
Tipo de item no Koha Livro
Exemplares
Situação do levantamento Origin of item (home branch) (coded) Biblioteca de empréstimo Código de barras Cota Circulation type (not for loan) Tipo de documento Nota do exemplar Damaged status
  Biblioteca Escolar Eng. Nuno Mergulhão Biblioteca Escolar Eng. Nuno Mergulhão BENM1731 8EST AME   Livro Sem mensagem